Itineraris pel Vallés Occidental i Baix Llobregat / (Record no. 22807)

MARC details
000 -LEADER
campo de control de longitud fija 00696nam a2200205 i 4500
001 - NÚMERO DE CONTROL
campo de control 22807
003 - IDENTIFICADOR DE NÚMERO DE CONTROL
campo de control ES-MaACL
005 - FECHA Y HORA DE LA ÚLTIMA TRANSACCIÓN
campo de control 20250827035056.0
007 - CAMPO FIJO DE DESCRIPCIÓN FÍSICA--INFORMACIÓN GENERAL
campo de control de longitud fija t|
008 - DATOS DE LONGITUD FIJA--INFORMACIÓN GENERAL
campo de control de longitud fija 021204s1962 sp ||||1| cat d
100 1# - ENTRADA PRINCIPAL--NOMBRE DE PERSONA
Nombre de persona Aloy, David.
9 (RLIN) 20454
245 10 - MENCIÓN DEL TÍTULO
Título Itineraris pel Vallés Occidental i Baix Llobregat /
Mención de responsabilidad, etc. David Aloy, María Mercé Lleonart.
260 ## - PUBLICACIÓN, DISTRIBUCIÓN, ETC.
Lugar de publicación, distribución, etc. Barcelona :
Nombre del editor, distribuidor, etc. Rafael Dalmau,
Fecha de publicación, distribución, etc. [1962]
300 ## - DESCRIPCIÓN FÍSICA
Extensión 64 p. :
Otras características físicas 1 map. pleg. ;
Dimensiones 17 cm.
500 ## - NOTA GENERAL
Nota general Precede a tít.: Unió Excursionista de Catalunya.
700 1# - ENTRADA AGREGADA--NOMBRE PERSONAL
Nombre de persona Lleonart, María Mercé.
9 (RLIN) 72760
710 2# - ENTRADA AGREGADA--NOMBRE DE ENTIDAD CORPORATIVA
Nombre de entidad corporativa o nombre de jurisdicción como elemento de entrada Unió Excursionista de Catalunya (Barcelona)
9 (RLIN) 7004
852 ## - LOCALIZACIÓN
Ubicación ES-MaACL
Número de control de estantería C-21751
Sublocalización o colección R.50021
Holdings
Estatus retirado Estado de pérdida Estado de daño No para préstamo Biblioteca de origen Biblioteca actual Ubicación en estantería Fecha de adquisición Fuente de adquisición Total de préstamos Signatura topográfica completa Código de barras Visto por última vez Precio de reemplazo Tipo de ítem Koha
        Biblioteca del Ateneo de Madrid Biblioteca del Ateneo de Madrid Galería 17/01/2008     C-21751 1023485 23/02/2023 23/02/2023 Libro impreso